| 000 | 01038cam a22003254a 4500 | ||
|---|---|---|---|
| 001 | 1779 | ||
| 003 | FISKH | ||
| 005 | 20230929084443.0 | ||
| 008 | 110822s2012 nyua j b 001 0 eng | ||
| 010 | _a 2011033328 | ||
| 020 | _a9780531208656 (library binding : alk. paper) | ||
| 020 | _a9780531209349 (pbk. : alk. paper) | ||
| 040 |
_aDLC _cDLC _beng |
||
| 042 | _apcc | ||
| 050 | 0 | 0 |
_aQE862.S3 _bM3334 2012 |
| 082 | 0 | 0 |
_a567.913/8 _223 |
| 100 | 1 | _aMara, Wil. | |
| 245 | 1 | 0 |
_aApatosaurus / _cby Wil Mara. |
| 260 |
_aNew York : _bScholastic, _c2012. |
||
| 300 |
_a32 pages : _bcolor illustrations ; _c19 cm. |
||
| 490 | 0 | _aRookie read-about dinosaurs | |
| 505 | _aG | ||
| 520 | _aDelivers facts about the apatosaurus and how it lived. | ||
| 521 | 8 |
_a420
_bLexile |
|
| 521 | 8 |
_aG
_bRaz-Plus |
|
| 650 | 0 |
_aApatosaurus _vJuvenile literature. |
|
| 906 |
_a7 _bcbc _corignew _d1 _eecip _f20 _gy-gencatlg |
||
| 942 |
_2ddc _cBK _n0 |
||
| 999 |
_c1779 _d1779 |
||